MLB Top 5 AL MVP Voting 1980s - Statistics

General Stats
  • This quiz has been taken 100 times
  • The average score is 38 of 50
Answer Stats
Year Team Player % Correct
1982: 1 Brewers Robin Yount
99%
1989: 1 Brewers Robin Yount
99%
1980: 1 Royals George Brett
97%
1985: 2 Royals George Brett
97%
1983: 1 Orioles Cal Ripken Jr.
96%
1989: 3 Orioles Cal Ripken Jr.
96%
1980: 2 Yankees Reggie Jackson
96%
1984: 5 Yankees Don Mattingly
93%
1985: 1 Yankees Don Mattingly
93%
1986: 2 Yankees Don Mattingly
93%
1988: 1 Athletics José Canseco
91%
1987: 5 Brewers Paul Molitor
91%
1987: 3 Twins Kirby Puckett
90%
1988: 3 Twins Kirby Puckett
90%
1986: 1 Red Sox Roger Clemens
90%
1981: 2 Athletics Rickey Henderson
85%
1985: 3 Yankees Rickey Henderson
85%
1988: 4 Yankees Dave Winfield
84%
1981: 5 Orioles Eddie Murray
84%
1982: 2 Orioles Eddie Murray
84%
1983: 2 Orioles Eddie Murray
84%
1984: 4 Orioles Eddie Murray
84%
1985: 5 Orioles Eddie Murray
84%
1987: 2 Tigers Alan Trammell
81%
1983: 4 Red Sox Jim Rice
81%
1986: 3 Red Sox Jim Rice
81%
1985: 4 Red Sox Wade Boggs
76%
1984: 1 Tigers Willie Hernández
73%
1980: 5 Brewers Cecil Cooper
72%
1982: 5 Brewers Cecil Cooper
72%
1983: 5 Brewers Cecil Cooper
72%
1988: 5 Athletics Dennis Eckersley
72%
1989: 5 Athletics Dennis Eckersley
72%
1986: 4 Blue Jays George Bell
72%
1987: 1 Blue Jays George Bell
72%
1989: 4 Blue Jays George Bell
72%
1984: 2 Twins Kent Hrbek
72%
1981: 3 Red Sox Dwight Evans
70%
1987: 4 Red Sox Dwight Evans
70%
1981: 1 Brewers Rollie Fingers
66%
1983: 3 White Sox Carlton Fisk
64%
1980: 4 Royals Willie Wilson
61%
1986: 5 Blue Jays Jesse Barfield
60%
1982: 4 Royals Hal McRae
52%
1980: 3 Yankees Rich Gossage
42%
1984: 3 Royals Dan Quisenberry
40%
1989: 2 Rangers Rubén Sierra
39%
1981: 4 Athletics Tony Armas
39%
1982: 3 Angels Doug DeCinces
25%
1988: 2 Red Sox Mike Greenwell
19%
No matching quizzes found
Score Distribution
Percent of People with Each Score
Percentile by Number Answered
Your Score History
You have not taken this quiz